|
|
|
|
| LEADER |
00000nab a2200000 a 4500 |
| 001 |
vtls000823699 |
| 003 |
SK-MaSNL |
| 005 |
20260304120726.0 |
| 008 |
250429c2002 xo 0 slo |
| 015 |
|
|
|a SNBRB2003/01-03201
|
| 035 |
|
|
|a CLN000175354
|
| 035 |
|
|
|a urn:nbn:sk:snk-ab9szb
|
| 035 |
|
|
|a (urnnbn)urn:nbn:sk:snk:ar-a08rqu
|
| 035 |
|
|
|a (uuid)059abd4f-a97a-4577-992f-555f10ec6b35
|
| 040 |
|
|
|a SNKBUCL
|b slo
|c SNKBUCL
|e AACR2
|
| 041 |
0 |
|
|a slo
|
| 044 |
|
|
|a xo
|c SK
|
| 080 |
|
|
|a 37(05)
|2 1997
|
| 080 |
|
|
|a 05:37
|2 1997
|
| 100 |
1 |
|
|a Polák, Jozef
|4 aut
|9 5141
|
| 245 |
1 |
0 |
|a Desiate narodeniny časopisu Technológia vzdelávania očami šéfredaktora
|c Jozef Polák
|
| 630 |
0 |
7 |
|a Technológia vzdelávania (časopis)
|2 snkbucl
|9 983097
|
| 655 |
|
7 |
|a články z novín a časopisov
|2 snkbucl
|9 267496
|
| 773 |
0 |
|
|t Technológia vzdelávania
|g Roč. 10, č. 8 (2002), s. 1-2
|x 1335-003X
|
| 850 |
|
|
|a Slovenská národná knižnica
|
| 852 |
|
|
|a Slovenská národná knižnica
|
| 954 |
|
|
|a odborná, vedecká literatúra pôvodná (slovenská)
|2 lita
|
| 958 |
|
|
|a article13
|
| 958 |
|
|
|a OND
|
| 958 |
|
|
|a SK
|
| 958 |
|
|
|a EUIPO
|
| 992 |
|
|
|a RBX
|
| 999 |
|
|
|c 2881187
|d 2883117
|